| 000 | 00848nam a22002297a 4500 | ||
|---|---|---|---|
| 005 | 20240530110348.0 | ||
| 008 | 141214s2009 ua od f 000 0 ara d | ||
| 017 |
_a2009/11611 _bمصر . دار الكتب المصرية |
||
| 020 | _a9772583704 | ||
| 040 | _aEG-CaGPL | ||
| 041 | 0 | _aara | |
| 082 | 0 | 4 |
_221 _a634.44\ _bأ إ |
| 100 | 0 | _aايمن على السروانى | |
| 245 | 1 | 2 |
_aالادارة المتكاملة لحدائق المانجو = Integrated Management For Mango Gardens / _cايمن على السروانى |
| 260 |
_aالقاهرة : _bالدار العربية للنشر والتوزيع ، _c2010 |
||
| 300 |
_a354 ص : _bايض ؛ _c24 سم |
||
| 650 | 0 | 4 | _aالبساتين |
| 650 | 0 | 4 | _aالفواكهة |
| 650 | 0 | 4 |
_aالمانجو _xزراعة |
| 942 |
_2ddc _cBK |
||
| 999 |
_c60011 _d60011 |
||